| 000 | 01234nam0a22002771 4500 | ||
|---|---|---|---|
| 001 | rc\3599771 | ||
| 005 | 20130115142930.9 | ||
| 035 | _a(NLR Aleph) 007706650 | ||
| 090 |
_a6805978 _c6805978 |
||
| 100 | _a20130115d1970 |||y0rusy50 ca | ||
| 101 | 0 | _arus | |
| 102 | _aRU | ||
| 105 | _aa z ||||| | ||
| 200 | 1 |
_aСовременные приборы для измерения малых постоянных напряжений _fЦентр. науч.-исслед. ин-т информации и техн.-экон. исследований приборостроения, средств автоматизации и систем управления |
|
| 210 |
_aМосква _cБ. и. _d1970 |
||
| 215 |
_a44 с. _cсхем. _d22 |
||
| 225 | 1 | _aОбзорная информация | |
| 300 | _aНа обороте тит. л. авт.: канд. техн. наук В.А. Прянишников | ||
| 320 | _aБиблиогр.: с. 41-43 | ||
| 333 | _aДля служебного пользования. Экз. № 00024 | ||
| 700 | 1 |
_aПрянишников _bВ. А. _gВиктор Алексеевич |
|
| 801 | 0 |
_aRU _bNLR _gpsbo |
|
| 801 | 1 |
_aRU _bELAR _2rusmarc |
|
| 852 |
_aNLR _j50К/24668 |
||
| 942 | _cBOOK | ||
| 980 | _aNB | ||